Commonly Confused British Birds - Impossible - Statistics

General Stats
  • This quiz has been taken 24 times
  • The average score is 10 of 15
Answer Stats
Question Answer % Correct
Which one is a Common Redshank?
86%
Which one is a Dunlin?
86%
Which one is a Song Thrush?
86%
Which one is a Tree Sparrow?
79%
Which one is a Firecrest?
79%
Which one is a Willow Warbler?
71%
Which one is a Ferruginous Duck?
71%
Which one is a Mediterranean Gull?
71%
Which one is a Water Pipit?
64%
Which one is Manx Shearwater?
57%
Which one is a Desert Wheatear?
50%
Which one is a Sooty Tern?
50%
Which one is a Masked Shrike?
43%
Which one is a Surf Scoter?
36%
Which one is a Pine Bunting?
29%
No matching quizzes found
Score Distribution
Percent of People with Each Score
Percentile by Number Answered
Your Score History
You have not taken this quiz